| 000 | 00394nam a2200145Ia 4500 | ||
|---|---|---|---|
| 001 | 2504 | ||
| 008 | 241024s9999 xx 000 0 und d | ||
| 020 | _a978-9945-074-48-2 | ||
| 082 | _aRD/972.9/F825r | ||
| 100 | _aJosé L. Franco | ||
| 245 | 0 | _aRevoluciones y conflictos internacionales en el Caribe (1789-1854) | |
| 260 |
_bCorripio _c2012 |
||
| 901 | _a19/9/2012 3:31:33 p.m. | ||
| 999 |
_c7613 _d7613 |
||